Cicéron... Ou Poincaré ? - Statistiques

Statistiques générales
  • Ce quiz a été pris 38 fois
  • Le résultat moyen est 9 sur 12
Statistiques - réponses
Question Réponse % Correct
Son nom peut être traduit par "pois chiche" ou "verrue" Cicéron
94%
A été jugé "un peu trop mou" par Clemenceau. Poincaré
91%
Est né dans l'actuel Italie. Cicéron
88%
Son cousin est un célèbre mathématicien Poincaré
76%
Est mort assassiné Cicéron
74%
A dit : "C'est dans l'adversité que se révèlent les vrais amis." Cicéron
71%
A siégé au Sénat Les deux
71%
A eu droit à des obsèques nationales. Poincaré
68%
A une avenue à Paris en son nom Poincaré
65%
A rencontré un roi d'Italie Poincaré
65%
A servi dans l'armée. Les deux
62%
A été avocat Les deux
56%
Aucun quiz correspondant
Distribution des résultats
% des personnes avec chaque résultat
Percentile par nombre de réponses
Votre historique - résultats
Vous n’avez pas pris ce quiz